الإحصائيات لـ لغز تلوين العلم رقم 1

أنقر هنا لكي تخضع للإختبار!

الإحصائيات العامة

  • هذا الإختبار تم الخضوع له 286 مره
  • الدرجة المتوسطة هي 3 من 6

Answers on the Map

Answers color-coded by a green-red scale on the quiz's map according to % correct below.
 

إحصائيات الإجابة

Answer% صحيح
أبيض
81%
أخضر
57%
أحمر
48%
أسود
32%
أزرق
30%
أصفر
26%

توزيع النقاط

النسبة وفقا للأرقام

نسبة الأشخاص لكل درجة

سجل النقاط الخاصة بك

لم تضخع لهذا الإختبار